| 000 | 00475nam a22001817a 4500 | ||
|---|---|---|---|
| 005 | 20250628143551.0 | ||
| 008 | 250628b |||||||| |||| 00| 0 eng d | ||
| 020 |
_a9780747589877 _qhbk |
||
| 041 | _aeng | ||
| 082 | _a823.92 PRI | ||
| 100 | _aPriestley Chris | ||
| 245 |
_aTales Of Terror From The Black Ship _c/ Chris Priestley |
||
| 250 | _a1st ed | ||
| 260 |
_aLondon _bBloomsburry _c2008 |
||
| 300 |
_a242p. : _c23cm |
||
| 650 | _aEnglish Fiction | ||
| 942 | _cENGLISH | ||
| 999 |
_c574196 _d574196 |
||